Cate Blanchett Movies Quiz Stats

 Plays Quiz Updated Jan 1, 2021

Support Sporcle.
Go Orange.
Score 0/54 Timer 08:00
1 Play Today
Year Movie % Correct
2002The Lord of The Rings: The Two Towers
79.3%
2001The Lord of The Rings: The Fellowship of the Ring
79.1%
2003The Lord of The Rings: The Return of the King
78.1%
1998Elizabeth
77%
2013Blue Jasmine
76.1%
2004The Aviator
71%
2013The Hobbit: The Desolation of Smaug
71%
2012The Hobbit: An Unexpected Journey
65.8%
2014The Hobbit: The Battle of the Five Armies
65.2%
2017Thor: Ragnarok
64.8%
2015Carol
63.3%
2015Cinderella
58.8%
2018Ocean's Eight
57.1%
2007Elizabeth: The Golden Age
54.4%
2018Mowgli: Legend of the Jungle
54%
2010Robin Hood
53.9%
2008The Curious Case of Benjamin Button
52.8%
2019Where'd You Go, Bernadette
41.3%
2019How to Train Your Dragon: The Hidden World
41%
2006Notes on a Scandal
38.3%
2008Indiana Jones and the Kingdom of the Crystal Skull
37.6%
2007I'm Not There
37.4%
2006Babel
36.3%
2014How To Train Your Dragon 2
35.7%
2014The Monuments Men
33.4%
2018The House with a Clock in Its Walls
32.8%
2015Truth
32.5%
Year Movie % Correct
2015Manifesto
28.9%
1999The Talented Mr. Ripley
28.6%
2003Veronica Guerin
28.2%
2001Bandits
25.6%
2000The Gift
24.6%
2017Song to Song
24.1%
2015Knight of Cups
22.6%
2001Charlotte Gray
21.9%
2004The Life Aquatic with Steve Zissou
21.2%
2006The Good German
20.2%
1997Oscar and Lucinda
20%
2001The Shipping News
19.6%
2011Hanna
19.1%
1999Pushing Tin
18.3%
2003The Missing
18.3%
2013The Turning
17.4%
2008Ponyo
16.8%
2003Coffee and Cigarettes
16.8%
1999An Ideal Husband
16.5%
2005Little Fish
15.8%
2002Heaven
14.4%
1997Paradise Road
12.9%
1997Thank God He Met Lizzie
12.1%
2000The Man Who Cried
10.9%
1996Parklands
9.1%
1999Bangers
9.1%
1994Police Rescue
8.8%

From the Vault

TV Shows by Actor

by Thalia

It was that great show, with that one guy...well we are giving you the one guy...guess the show.
Remove Ads.
Support Sporcle.
Get the best of Sporcle when you Go Orange. This ad-free experience offers more features, more stats, and more fun while also helping to support Sporcle. Thank you for becoming a member.

Show Comments

Extras

Top Quizzes Today


Score Distribution

Your Account Isn't Verified!

In order to create a playlist on Sporcle, you need to verify the email address you used during registration. Go to your Sporcle Settings to finish the process.

Report this User

Report this user for behavior that violates our Community Guidelines.

Details: